Managing techological innovation (Record no. 82572)

MARC details
000 -LEADER
fixed length control field 00790nam a2200205 a 4500
008 - FIXED-LENGTH DATA ELEMENTS--GENERAL INFORMATION
fixed length control field 080109s1992 ||||||||||||||||| || u
020 ## - INTERNATIONAL STANDARD BOOK NUMBER
International Standard Book Number 0273037951
050 ## - LIBRARY OF CONGRESS CALL NUMBER
Classification number HD 45 Twi
100 ## - MAIN ENTRY--PERSONAL NAME
Personal name Twiss, Brian C
245 10 - TITLE STATEMENT
Title Managing techological innovation
250 ## - EDITION STATEMENT
Edition statement 4th ed.
260 ## - PUBLICATION, DISTRIBUTION, ETC.
Place of publication, distribution, etc. London
Name of publisher, distributor, etc. Pitman
Date of publication, distribution, etc. 1992
300 ## - PHYSICAL DESCRIPTION
Extent xxv, 309p. : ill
350 ## -
-- 0.00
650 #0 - SUBJECT ADDED ENTRY--TOPICAL TERM
Topical term or geographic name entry element INDUSTRIAL MANAGEMENT
650 #7 - SUBJECT ADDED ENTRY--TOPICAL TERM
Topical term or geographic name entry element TECHNOLOGICAL INNOVATIONS
Source of heading or term fast
650 #0 - SUBJECT ADDED ENTRY--TOPICAL TERM
Topical term or geographic name entry element MANAGEMENT
995 ## -
-- MAIN LIBRARY OPEN ACCESS
-- 0.00
-- 733782
-- CBU-MAIN LIBRARY (Kitwe)
-- 2
-- 22.50
-- HD 45 Twi
-- 2
-- AVAILABLE
-- 45987
-- Main Library Open Access Collection
995 ## -
-- MAIN LIBRARY OPEN ACCESS
-- 0.00
-- 723559
-- CBU-MAIN LIBRARY (Kitwe)
-- 1
-- 22.50
-- HD 45 Twi
-- 1
-- AVAILABLE
-- 003521
-- Main Library Open Access Collection
999 ## -
-- 82572
-- 82572
Holdings
Withdrawn status Lost status Source of classification or shelving scheme Damaged status Not for loan Permanent Location Current Location Shelving location Date acquired Total Checkouts Full call number Barcode Date last seen Copy number Price effective from Koha item type
          CBU-MAIN LIBRARY, KITWE. CBU-MAIN LIBRARY, KITWE.   09/29/2023   HD 45 Twi 45987 09/29/2023 1 09/29/2023 MONOGRAPH
          CBU-MAIN LIBRARY, KITWE. CBU-MAIN LIBRARY, KITWE.   09/29/2023   HD 45 Twi 003521 09/29/2023 2 09/29/2023 MONOGRAPH